Statystyki dla Austriackie kraje związkowe

Kliknij tutaj aby rozwiązać quiz!

Ogólne statystyki

  • Ten quiz został rozwiązany 74 razy
  • Średni wynik to 6 z 9

Statystyki odpowiedzi

Kraj związowy% Poprawnych
Wiedeń
94%
Tyrol
88%
Dolna Austria
77%
Górna Austria
77%
Salzburg
75%
Karyntia
63%
Styria
60%
Burgenland
54%
Vorarlberg
44%

Rozkład punktacji

Percentyl według liczby udzielonych odpowiedzi

Procent ludzi z każdym wynikiem

Twoja historia wyników

Nie rozwiązałeś tego quizu